|
|
|
|
| LEADER |
00000cam a2200000 7i4500 |
| 001 |
0000018647 |
| 005 |
20070215.0 |
| 040 |
|
|
|a INS
|
| 090 |
0 |
0 |
|a PAC18
|
| 110 |
2 |
|
|a Pakej jurulatih - Valuation of leisure properties golf course
|k 2006
|c Awana Genting Highlands
|
| 245 |
0 |
0 |
|a [Laporan program latihan baru untuk Valuation of leisure properties golf course yang diadakan pada 4 - 7 September 2006 di Awana Genting Highlands Golf and Country Resort]
|
| 260 |
|
|
|c 2006
|
| 300 |
|
|
|a 1jil. (mukasurat pelbagai) :
|b ill, pic ;
|c 32 cm.
|
| 500 |
|
|
|a Anjuran Jabatan Penilaian dan Perkhidmatan Harta INSPEN
|
| 500 |
|
|
|a Tidak diterbitkan
|
| 650 |
0 |
0 |
|a Leisure industry
|x Valuation
|
| 650 |
0 |
0 |
|a Training
|x Handbooks, manuals, etc.
|
| 710 |
1 |
|
|a Jabatan Penilaian dan Perkhidmatan Harta INSPEN
|
| 999 |
|
|
|a PAC0000023
|b BOOK
|c Course Notes
|e Default branch
|